| 000 | 00841nam a2200241 i 4500 | ||
|---|---|---|---|
| 001 | 99130 | ||
| 003 | ES-MaACL | ||
| 005 | 20250813062600.0 | ||
| 007 | t| | ||
| 008 | 050902s1936 sp ||||1| spa d | ||
| 100 | 1 |
_aMartín Artajo, Alberto, _d1905-1979 _9184516 |
|
| 245 | 1 | 0 |
_aDoctrina social católica de León XIII y Pío XI / _cAlberto Martín Artajo, Maximo Cuervo, Federico Rodríguez; prólogo del Excmo. y Rvdo. Señor D. Angel Herrera, Obispo de Málaga. |
| 250 | _a3ª ed. | ||
| 260 |
_aBarcelona : _bLabor, _c1936. |
||
| 300 |
_a318 p., 3 lám. ; _c18 cm. |
||
| 490 | 1 | _aLabor | |
| 700 | 1 |
_aCuervo, Máximo. _942020 |
|
| 700 | 1 |
_aRodríguez, Federico. _998238 |
|
| 700 | 1 |
_aHerrera Oria, Ángel, _d1886-1968 _963232 |
|
| 830 | 0 | 0 |
_aColección Labor _9184254 |
| 852 |
_aES-MaACL _jC-11461 _bR.39324 |
||
| 999 |
_c99130 _d99130 |
||